LEADER 02338nam 2200625 450 001 9910208816703321 005 20230803211252.0 010 $a1-118-74988-X 010 $a1-118-81919-5 010 $a1-118-74981-2 035 $a(CKB)4330000000002619 035 $a(SSID)ssj0001110721 035 $a(PQKBManifestationID)11603661 035 $a(PQKBTitleCode)TC0001110721 035 $a(PQKBWorkID)11125696 035 $a(PQKB)11497272 035 $a(OCoLC)870244536 035 $a(DLC) 2013035001 035 $a(CaSebORM)9781118749814 035 $a(Au-PeEL)EBL1605590 035 $a(CaPaEBR)ebr10833773 035 $a(MiAaPQ)EBC1605590 035 $a(EXLCZ)994330000000002619 100 $a20140214h20142014 uy 0 101 0 $aeng 135 $aurcnu|||||||| 181 $ctxt 182 $cc 183 $acr 200 10$aGypsum construction handbook /$fUSG Corporation 205 $aSeventh edition. 210 1$aHoboken, New Jersey :$cJohn Wiley & Sons, Inc.,$d2014. 210 4$dİ2014 215 $a1 online resource (575 pages) $cillustrations, photographs 225 0 $aRSMeans 300 $aIncludes indexes. 311 $a1-306-41230-7 311 $a1-118-74984-7 330 $aThe tried-and-true Gypsum Construction Handbook is a systematic guide to selecting and using gypsum drywall, veneer plaster, tile backers, ceilings, and conventional plaster building materials. A widely respected training text for aspiring architects and engineers, the book provides detailed product information and efficient installation methodology. The Seventh Edition features updates in gypsum products, including ultralight panels, glass-mat panels, paperfaced plastic bead, and ultralightweight joint compound, and modern specialty acoustical and ceiling product guidelines. This comprehensive reference also incorporates the latest in sustainable products. 606 $aGypsum 606 $aPlaster 606 $aPlastering 606 $aDrywall construction 615 0$aGypsum. 615 0$aPlaster. 615 0$aPlastering. 615 0$aDrywall construction. 676 $a691/.9 801 0$bMiAaPQ 801 1$bMiAaPQ 801 2$bMiAaPQ 906 $aBOOK 912 $a9910208816703321 996 $aGypsum construction handbook$92269942 997 $aUNINA LEADER 01503oam 2200493zu 450 001 9910133553403321 005 20241212220319.0 010 $a9781467355254 010 $a1467355259 035 $a(CKB)3280000000025679 035 $a(SSID)ssj0001034695 035 $a(PQKBManifestationID)12468833 035 $a(PQKBTitleCode)TC0001034695 035 $a(PQKBWorkID)11024200 035 $a(PQKB)10349125 035 $a(NjHacI)993280000000025679 035 $a(Association for Computing Machinery)10.5555/2495258 035 $a(EXLCZ)993280000000025679 100 $a20160829d2013 uy 101 0 $aeng 135 $aur||||||||||| 181 $ctxt 182 $cc 183 $acr 200 10$a2013 IEEE/ACM International Symposium on Code Generation and Optimization (CGO) 210 31$a[Place of publication not identified]$cIEEE$d2013 215 $a1 online resource $cillustrations 225 1 $aACM Conferences 300 $aBibliographic Level Mode of Issuance: Monograph 311 08$a9781467355247 311 08$a1467355240 410 0$aACM Conferences 517 3 $aCGO '13 606 $aCode generators$vCongresses 606 $aCompilers (Computer programs)$vCongresses 615 0$aCode generators 615 0$aCompilers (Computer programs) 676 $a005 712 02$aAssociation for Computing Machinery-Digital Library. 801 0$bPQKB 906 $aPROCEEDING 912 $a9910133553403321 996 $a2013 IEEE$92088087 997 $aUNINA